000 01021nam a22002897a 4500
001 BR9100737
003 BR-BrBNA
005 20230928093516.0
007 ta
008 230509b bl.||||| |||| 00| 0 por d
040 _aBR-BrBNA
_bpor
_cBiblioteca Nacional de Agricultura
041 _a(Por)
072 _aS30; Q02
_b6100
_b9705
090 _ 6100 BR9100737
100 1 _aFerreira, M.L.N.
110 1 _aUniversidade Federal de Vicosa, MG (Brasil)
_0Tese (Magister Scientiae)
245 1 _aUtilizacao de um alimento nutricional a base de carne de frango em po para o tratamento de lactantes com intolerancia alimentar
260 3 _aVicosa, MG (Brasil):
_c1990.
300 _a115 p.
500 _a9 illus.; 28 tables; Bibliography p. 104-110 (63 ref.); Summary (Por). (*) Documento disponível na(o) Universidade Federal de Vicosa, MG (Brazil)
650 _aNUTRICAO HUMANA
650 _aFRANGO
650 _aCARNE
650 _aALIMENTO DESIDRATADO
909 _a202309
_bLucia
_c55
_dLucia Elande
942 _cBK
999 _c45399
_d45399